Statistics for Biggest Four Letter US Cities

Click here to take the quiz!

General Stats

  • This quiz has been taken 95 times
    (52 since last reset)
  • The average score is 8 of 22

Answer Stats

StatePopulationCity% Correct
Nevada245,255Reno
100%
Arizona484,587Mesa
90%
Hawaii43,263Hilo
62%
Texas134,432Waco
59%
Pennsylvania93,593Erie
59%
North Carolina162,320Cary
49%
Oregon91,122Bend
46%
Indiana76,424Gary
44%
Utah97,499Orem
44%
Arizona94,906Yuma
41%
Iowa66,191Ames
41%
Oklahoma51,004Enid
38%
Washington127,514Kent
33%
Pennsylvania43,859York
31%
Michigan83,641Troy
23%
New York49,702Troy
23%
Massachusetts92,697Lynn
18%
Michigan59,211Novi
8%
California64,641Lodi
5%
Ohio47,349Apex
5%
Utah61,130Lehi
3%
California80,416Napa
3%

Score Distribution

Percentile by Number Answered

Percent of People with Each Score

Your Score History

You have not taken this quiz since the last reset